01012nam a2200241 i 450000100060000000300090000600500170001500700030003200800410003510000270007624501320010326000450023530000330028049000730031365100320038670000280041870000260044670000460047283000810051885200320059999900170063195201220064871050ES-MaACL20250911222625.0t|040805s1972 sp ||||1| spa d1 aGaspar, Lorand.95588310aHistorias de Palestina / cLorand Gaspar ; [traducción y notas, Ignacio Fontes y Susana Olmos ; anejo, Eduardo Haro Tecglen]. a[Madrid] : bMiguel Castellote, c[1972] a182 p., 1 h. map. ; c17 cm.1 aColección de Bolsillo Básica, 15. Sección Política ; v58-61 4aPalestina-xHistoria.991971 aFontes, Ignacio.9516421 aOlmos, Susana.9869901 aHaro Tecglen, Eduardo, d1924-20059618790 aColección de Bolsillo Básica, 15. Sección Política ; v58-619231058 aES-MaACLjC-52131 bR.84658 c71050d71050 00104070aATENEOMbATENEOMcDEPO2d2008-01-17eSCl0oC-52131p1074397r2023-02-23 00:00:00w2023-02-23yMONOGRAFIA